| 000 | 00401nam a2200145Ia 4500 | ||
|---|---|---|---|
| 008 | 220217s9999||||xx |||||||||||||| ||und|| | ||
| 020 | _a0-07-041167-0 | ||
| 082 | _a005.133 LON | ||
| 100 |
_aLoney, Kevin Koch, George _91251 |
||
| 245 | 0 | _aOracle8i: the complete reference | |
| 250 | _a10th | ||
| 260 |
_aTata mcgraw hill _bNew Delhi _c2000 |
||
| 300 | _b495 | ||
| 650 | _aPROGRAMMING LANGUAGE | ||
| 999 |
_c168303 _d168303 |
||